000
00493nam a2200169Ia 4500
008
110201s9999 xx 000 0 und d
082
_b
B4633
_a
KS 811
100
_a
भावे पु.भा.
245
_a
कथा मंथन
260
_b
नवचैतन्य प्रकाशन
365
_b
100
600
_a
भावे पु.भा.
630
_a
कथा मंथन
700
_a
भावे पु.भा.
730
_a
कथा मंथन
942
_c
BOOK
999
_c
830885
_d
830882